The mysterious maya (Record no. 10330)
[ view plain ]
| 000 -CABECERA | |
|---|---|
| campo de control de longitud fija | 00944nam a2200289 a 4500 |
| 001 - NÚMERO DE CONTROL | |
| campo de control | BRL_1521 |
| 005 - FECHA Y HORA DE LA ÚLTIMA TRANSACCIÓN | |
| campo de control | 20190320211239.0 |
| 008 - DATOS DE LONGITUD FIJA--INFORMACIÓN GENERAL | |
| campo de control de longitud fija | 130214s1977----u--aob####---#000-0#eng-# |
| 020 ## - NÚMERO INTERNACIONAL ESTÁNDAR DEL LIBRO | |
| Número Internacional Estándar del Libro | 0870442333 |
| 041 ## - CÓDIGO DE LENGUA | |
| Código de lengua del texto/banda sonora o título independiente | eng |
| 044 ## - CÓDIGO DEL PAÍS DE LA ENTIDAD EDITORA/PRODUCTORA | |
| Código MARC del país | u |
| 050 #4 - SIGNATURA TOPOGRÁFICA DE LA BIBLIOTECA DEL CONGRESO | |
| Número de clasificación | F1435 |
| Número de documento/Ítem | .S78 1977 |
| 100 1# - ENTRADA PRINCIPAL--NOMBRE DE PERSONA | |
| Nombre de persona | Stuart, George E. |
| 9 (RLIN) | 27157 |
| 245 10 - MENCIÓN DE TÍTULO | |
| Título | The mysterious maya |
| Mención de responsabilidad, etc. | by George E. Stuart and Gene S. Stuart ; photographs by David Alan Harvey and Otis Imboden. |
| 260 ## - PUBLICACIÓN, DISTRIBUCIÓN, ETC. | |
| Lugar de publicación, distribución, etc. | Washington, D.C. |
| Nombre del editor, distribuidor, etc. | National Geographic Society |
| Fecha de publicación, distribución, etc. | 1977 |
| 300 ## - DESCRIPCIÓN FÍSICA | |
| Extensión | 199 p. |
| Otras características físicas | il., fotografías (a color), mapas |
| Dimensiones | 27 cm. |
| 500 ## - NOTA GENERAL | |
| Nota general | Au1713 |
| 500 ## - NOTA GENERAL | |
| Nota general | Estado físico: Falta una parte a la camisa. |
| 504 ## - NOTA DE BIBLIOGRAFÍA, ETC. | |
| Nota de bibliografía, etc. | Bibliografía: p. 196 |
| 650 14 - PUNTO DE ACCESO ADICIONAL DE MATERIA--TÉRMINO DE MATERIA | |
| Término de materia o nombre geográfico como elemento de entrada | Mayas |
| Subdivisión general | Historia |
| 9 (RLIN) | 23497 |
| 650 14 - PUNTO DE ACCESO ADICIONAL DE MATERIA--TÉRMINO DE MATERIA | |
| Término de materia o nombre geográfico como elemento de entrada | Mayas |
| Subdivisión general | Antigüedades |
| 9 (RLIN) | 9555 |
| 700 1# - PUNTO DE ACCESO ADICIONAL--NOMBRE DE PERSONA | |
| Nombre de persona | S. Stuart, Gene |
| Término indicativo de función/relación | coaut. |
| 9 (RLIN) | 27158 |
| 700 1# - PUNTO DE ACCESO ADICIONAL--NOMBRE DE PERSONA | |
| Nombre de persona | Imboden, Otis |
| Término indicativo de función/relación | il. |
| 9 (RLIN) | 27159 |
| 700 1# - PUNTO DE ACCESO ADICIONAL--NOMBRE DE PERSONA | |
| Nombre de persona | Harvey, Alan David |
| Término indicativo de función/relación | il. |
| 9 (RLIN) | 27160 |
| 902 ## - CATALOGADOR | |
| Iniciales | GRL |
| 942 ## - ELEMENTOS DE PUNTO DE ACCESO ADICIONAL (KOHA) | |
| Fuente del sistema de clasificación o colocación | Library of Congress Classification |
| Tipo de ítem Koha | Libros |
| Estado de retiro | Estado de pérdida | Estado dañado | No para préstamo | Localización permanente | Ubicación/localización actual | Fecha de adquisición | Número de inventario | Total de préstamos | Signatura topográfica completa | Código de barras | Fecha visto por última vez | Precio válido a partir de | Tipo de ítem Koha |
|---|---|---|---|---|---|---|---|---|---|---|---|---|---|
| El ejemplar forma parte de la colección y puede ser consultado según las políticas vigentes. | Biblioteca Centro de Estudios Ruth D. Lechuga | Biblioteca Centro de Estudios Ruth D. Lechuga | 13/02/2014 | Au1713 | F1435 .S78 1977 (Au1713) | GRL01680 | 22/03/2019 | 22/03/2019 | Libros |